| 000 | 00449cam a2200181ua 4500 | ||
|---|---|---|---|
| 020 | _c50.00 | ||
| 041 |
_aeng _h |
||
| 082 |
_a621.381 _bSPR/EL |
||
| 100 | _aSpreadbury, F G . | ||
| 245 |
_aElectronic rectification / _cF G Spreadbury. _hTextual Documents |
||
| 250 |
_a1 / _b. |
||
| 260 |
_aLondon : _bConstable and Company Ltd , _c1962. |
||
| 300 | _a423 ; . | ||
| 365 | _a50.00 | ||
| 504 | _a | ||
| 942 | _cBK | ||
| 999 |
_c10012 _d10012 |
||